| 000 | 01045nam a2200241Ia 4500 | ||
|---|---|---|---|
| 999 |
_c50686 _d50686 |
||
| 001 | 17637 | ||
| 003 | GE_BSU | ||
| 005 | 20200220155020.0 | ||
| 008 | 181216s1986ru xx |||||||||||||| ||rus|| | ||
| 040 | _cGE_BSU | ||
| 041 | _arus | ||
| 080 | _a911.2(21) В-58 | ||
| 100 |
_aВласова, Т,В, _97269 |
||
| 245 |
_aФизическая География Материков (с прилегающими частями океанов) : _bчасть 2 : Южная Америка, Африка, Австралия и океания,антарктида / _cТ. В. Власова ; Ред . Т.А.Смирнова |
||
| 250 | _a4-е издание перераб, | ||
| 264 |
_aМосква : _bПросвешение, _c1986. |
||
| 300 |
_a286 стр .: _bил, _c21 см. |
||
| 653 | _aФизическая География | ||
| 653 | _aგეოგრაფია | ||
| 653 | _aფიზიკური გეოგრაფია | ||
| 700 |
_aСмирнова, Т.А. _eრედაქტორი _97268 |
||
| 942 |
_cBK _2udc |
||